XXII Congreso de Ciencias del Mar: resúmenes

Saved in:
Bibliografiske detaljer
Corporate Authors: Universidad Austral de Chile (Author), Sociedad Chilena de Ciencias del Mar (Author)
Format: Bog
Sprog:spansk
Udgivet: Valdivia Universidad Austral de Chile 2002
Udgivelse:1a. ed
Fag:
Tags: Tilføj Tag
Ingen Tags, Vær først til at tagge denne postø!

MARC

LEADER 00000cam a2200000 a 4500
001 UCC8242
003 CL-VaPUC
005 20220315074422.0
008 190617e20020000cl 1 spa d
082 0 4 |a 551.46  |b UNI  |2 21 
110 2 |a Universidad Austral de Chile  |e author  |9 622394 
710 2 |a Sociedad Chilena de Ciencias del Mar  |e author  |9 622395 
245 1 0 |a XXII Congreso de Ciencias del Mar: resúmenes 
250 |a 1a. ed 
260 |a Valdivia  |b Universidad Austral de Chile  |c 2002 
300 |a 162 p 
583 |a last modification  |c 20190617 11:18:00  |k Rodrigo Vera 
650 0 7 |a CIENCIAS DEL MAR  |2 CL-VaPUC  |9 261896 
650 0 0 |a Congresos  |9 257560 
650 0 0 |a Recursos marinos  |9 261196 
942 |c BK 
945 |a dcastane  |d 20190617 11:18:00 
546 |a En Español 
536 |a Universidad Austral de Chile 
518 |p Congreso de Ciencias del Mar, 22, Valdivia, 28 al 31 de mayo 2002 
999 |c 384965  |d 384963